000 00507cam a2200157 4500
001 E683
008 090401t1948 xxu||||| |||| 00| 0 eng d
035 _a(Sirsi) u53502
041 _aeng
245 _aStandard method of measurement of building works: 4th edition, authorised by agreement between the Royal Institution of Chartered Surveyors and the National Federation of Building Trades Employers
250 _a4th
260 _aLondon
_bRICS
_c1948
350 _a0
942 _n0
948 _c04/03/1997
999 _c93280
_d93280